Quiz Teen Wolf - Statistiques

Statistiques générales
  • Ce quiz a été pris 692 fois
  • Le résultat moyen est 11 sur 15
Statistiques - réponses
Hint Réponse % Correct
Qui est le personnage principal de la série ? Scott
100%
Qui est le meilleur ami de Scott McCall ? Stiles
99%
Qui est le premier amour de Scott McCall ? Allison
97%
Dans quelle ville se déroule l’histoire ? Beacon Hills
87%
Avec qui Lydia sort-elle au début de la série ? Jackson
87%
Quel est le métier de Melissa McCall, la mère de Scott ? Infirmière
84%
Qui est le chef de la meute d’Alpha dans la saison 3 ? Deucalion
82%
Quel sport pratiquent Scott et ses amis au lycée ? Lacrosse
79%
Quel est le don surnaturel de Lydia ? Banshee
77%
Comment s’appelle la sœur de Derek Hale ? Cora
75%
Quel est le nom de l'esprit maléfique qui manipule Stiles dans la saison 3B ? Le Nogitsune
57%
Qui aide Lydia à comprendre ses pouvoirs ? Meredith
54%
Quel est le nom de la clinique psychiatrique où Lydia est internée dans la saison 5 ? Eichen House
48%
Quel est le vrai nom de Stiles Stilinski ? Mieczysław Stilinski
23%
Quelle créature surnaturelle Jackson devient-il après avoir été mordu par Derek ? Un kanima
11%
Aucun quiz correspondant
Distribution des résultats
% des personnes avec chaque résultat
Percentile par nombre de réponses
Votre historique - résultats
Vous n’avez pas pris ce quiz